000 00282nam a2200097Ia 4500
008 240331s9999 xx 000 0 und d
082 _bTRA
100 _aHeyzer,N. ed
245 4 _aThe trade in domestic workers causes, mechanisms and consequences of International migration
942 _cL
999 _c2699
_d2699